01488nam a2200349 a 4500001001200000003000800012006001900020007001500039008004100054010001700095020003600112040002100148035002100169043001200190050002400202082001900226100002700245245015200272260007400424300001700498504006600515533015200581610003700733650004400770650003600814650006100850650003800911655002900949710001700978856012600995999001701121ebr10141908CaPaEBRm u cr cn|||||||||040715s2003 quc sb 001 0 eng  z 2004426815 z0773526145 (bound : alk. paper) aCaPaEBRcCaPaEBR a(OCoLC)180704133 an-cn---14aKE8244b.M37 2003eb04a347.71/0352211 aMartin, Robert,d1939-14aThe most dangerous branchh[electronic resource] :bhow the Supreme Court of Canada has undermined our law and our democracy /cRobert Ivan Martin. aMontreal ;aIthaca [N.Y.] :bMcGill-Queen's University Press,cc2003. axxii, 285 p. aIncludes bibliographical references (p. [261]-278) and index. aElectronic reproduction.bPalo Alto, Calif. :cebrary,d2013.nAvailable via World Wide Web.nAccess may be limited to ebrary affiliated libraries.10aCanada.bSupreme CourtxHistory. 0aConstitutional courtszCanadaxHistory. 0aConstitutional historyzCanada. 0aPolitical questions and judicial powerzCanadaxHistory. 0aJudicial reviewzCanadaxHistory. 7aElectronic books.2local2 aebrary, Inc.40uhttp://site.ebrary.com/lib/rucke/Doc?id=10141908zAn electronic book accessible through the World Wide Web; click to view c90069d90069